• 首页
  • 本馆介绍
  • 公告通知
  • 最新文献
  • 馆藏检索
  • 电子资源
  • 读者导购
  • 参考咨询
  • 我的图书馆
  • 登录
  • 详细信息显示
  • 放入我的书架
  • 预约/预借图书
  • 作者相关作品
  • 分类相关作品
  • 丛书相关作品
  • 出版社相关作品

书目信息

  • 表格格式
  • 工作单格式
  • 卡片格式
题名:
进一步,退两步
    
 
作者: 列宁 著 ;中共中央马恩列斯著作编译局 译
分册:  
出版信息: 北京   人民出版社  1954.4
页数: 230页
开本: 20cm
丛书名:
单 册:
中图分类: A221.2
科图分类:
主题词: 列字著作--单行本--1900~1904年
电子资源:
ISBN:
000 00716nam0 2200205 45
001 0404211091
005 20060227113431.26
010    @dCNY0.45
091    @a1001.193
100    @a20040421d1954 km y0chiy0120 ea
101 0  @achi
200 1  @a进一步,退两步@AJin Yi Bu,Tui Liang Bu@f列宁著@FLie Ning Zhu@g中共中央马恩列斯著作编译局译@Gzhong gong zhong yang ma en lie si zhu zuo bian yi ju yi
210    @a北京@c人民出版社@d1954.4
215    @a230页@d20cm
606 0  @a列字著作@x单行本@z1900~1904年
690    @aA221.2@v3
701  0 @a列宁@4著
712  0 @a中共中央马恩列斯著作编译局@Azhong gong zhong yang ma en lie si zhu zuo bian yi ju@4译
801    @aCN@bPftUser@c20060227
905    @dA221.2@e18:0405@f1@b65503
    
    进一步,退两步/列宁著/中共中央马恩列斯著作编译局译.-北京:人民出版社,1954.4
    230页;20cm
    
    
    ISBN :CNY0.45
    
●
相关链接 在E读中查询图书 在五车中查询图书 在当当中查询图书 在豆瓣中查询图书


正题名:进一步,退两步     索取号:A221.2/18:0405         预约/预借

序号 登录号 条形码 馆藏地/架位号 状态 备注
1 0065502   202199398   密集书库/ [索取号:A221.2/18:0405] 在馆    
2 0065503   001970255   第一借阅区/ [索取号:A221.2/18:0405] 在馆    
3 0065504   000951606   第一借阅区/ [索取号:A221.2/18:0405] 在馆    
4 0065505   001854951   密集书库/ [索取号:A221.2/18:0405] 在馆    
5 0065506   001854960   密集书库/ [索取号:A221.2/18:0405] 在馆    
6 0065507   000951633   第一借阅区/ [索取号:A221.2/18:0405] 在馆    
7 0065508   000951562   第一借阅区/ [索取号:A221.2/18:0405] 在馆    
8 0065509   000951447   第一借阅区/ [索取号:A221.2/18:0405] 在馆    
9 0065510   000951599   第一借阅区/ [索取号:A221.2/18:0405] 在馆    
10 0065511   000951401   第一样本阅览室/ [索取号:A221.2/18:0405] 在馆    
唐山师范学院图书馆 欢迎您!
大连网信软件有限公司© 版权所有